تهذيب اللغة / (Record no. 15761)
[ view plain ]
| 000 -الفاتح | |
|---|---|
| حقل البيانات ثابتة الطول | 01941cam a22002897a 4500 |
| 003 - محدد رقم الضبط | |
| رقم الضبط | EG-ScBUE |
| 005 - وقت وتاريخ اخر تعامل مع التسجيلة | |
| رقم الضبط | 20191229111045.0 |
| 008 - عناصر البيانات ثابتة الطول - معلومات عامة | |
| حقل البيانات ثابتة الطول | 110728n f d 000 0 ara d |
| 040 ## - مصدر الفهرسة | |
| وكالة الفهرسة الأصلية | EG-SCBUE |
| لغة الفهرسة | ara |
| قواعد الوصف | rda |
| وكالة النسخ | EG-SCBUE |
| وكالة التعديل | EG-SCBUE |
| 082 04 - رقم تصنيف ديوى العشرى | |
| رقم التصنيف | 492.73 |
| رقم المادة | أ ز هـ |
| رقم الطبعة | 22 |
| 100 1# - المدخل الرئيسى - إسم شخصى | |
| الإسم الشخصى | أزهري، محمد بن أحمد، |
| التواريخ المصاحبة للاسم | 282-370 هـ.، |
| الدور | مؤلف. |
| 9 (RLIN) | 26491 |
| 245 10 - بيان العنوان | |
| العنوان | تهذيب اللغة / |
| بيان المسئوليه,etc | لأبي منصور محمد بن أحمد الأزهري 282-370 ؛ حققه وقدم له عبد السلام محمد هارون، رشيد عبد الرحمن العبيدي ؛ راجعه محمد علي النجار. |
| 264 #1 - النشر، التوزيع | |
| مكان الناشر او الموزع | [مكان النشر غير محدد] : |
| اسم الناشر او الموزع | [اسم الناشر غير محدد]، |
| تاريخ النشر أو التوزيع | [تاريخ النشر غير محدد] |
| 300 ## - الوصف المادى | |
| التعداد | 17 مجلد ؛ |
| أبعاد الوعاء | 22 سم |
| 336 ## - نوع المحتوى | |
| source | rdacontent |
| Carrier Type Term | نص |
| Content Type Code | txt |
| 337 ## - نوع الوسيط | |
| source | rdamedia |
| Media Type Term | بدون وسيط |
| Media Type Code | n |
| 338 ## - نوع الحامل أو الناقل | |
| source | rdacarrier |
| Carrier Type Term | مجلد |
| Carrier Type Code | nc |
| 505 0# - تبصرة محتويات-الفهرس | |
| تبصرة المحتويات المصاغة | المجلد الأول -- المجلد الثاني -- المجلد الثالث -- المجلد الرابع -- المجلد الخامس -- المجلد السادس -- المجلد السابع -- المجلد الثامن -- المجلد التاسع -- المجلد العاشر -- المجلد الحادي عشر -- المجلد الثاني عشر -- المجلد الثالث عشر -- المجلد الرابع عشر -- المجلد الخامس عشر -- المجلد السادس عشر (فهارس تهذيب اللغة) -- المجلد السابع عشر (مستدرك تهذيب اللغة). |
| 590 ## - تبصرة محلية(RLIN) | |
| تبصرة محلية | هاجر |
| 650 #7 - المدخل الاضافى بالموضوع-مصطلح موضوعى | |
| مصطلح موضوعي أو اسم جغرافي كعنصر مدخل | اللغة العربية |
| التقسيم الفرعي الشكلي | معاجم. |
| مصدر الرأس أو المصطلح | BUEsh |
| 9 (RLIN) | 8104 |
| 653 ## - مصطلح تكشيفى غير مقيد | |
| Resource For college | Generalities |
| Arrived date list | December2019 |
| 655 ## - مصطلح تكشيفى-نوع/شكل | |
| التقسيم الفرعي الشكلي | Reading book |
| 700 1# - المدخل الاضافى - اسم شخصى | |
| الإسم الشخصى | هارون، عبد السلام، |
| الدور | محقق. |
| 9 (RLIN) | 26493 |
| 700 1# - المدخل الاضافى - اسم شخصى | |
| الإسم الشخصى | عبيدي، رشيد عبد الرحمن، |
| الدور | محقق. |
| 9 (RLIN) | 15349 |
| 700 1# - المدخل الاضافى - اسم شخصى | |
| الإسم الشخصى | نجار ، محمد علي، |
| الدور | مراجع. |
| 9 (RLIN) | 26492 |
| 942 ## - عناصر المدخل الإضافي( كوها) | |
| مصدر التصنيف او مخطط الترفيف | Dewey Decimal Classification |
| Koha [default] item type | Reference (NB) |
| حالة التراجع | حالة الفقد | مصدر التصنيف او خطة الترفيف | حالة تلف | ليس للاعارة | مجموعات كوها | المكان الدائم | المكان الحالي | موقع الترفيف | تاريخ الاكتساب | رقم الاستدعاء | الباركود | Date last seen | نوع الوعاء | تبصرة عامة | مُعار | Source of acquisition |
|---|---|---|---|---|---|---|---|---|---|---|---|---|---|---|---|---|
| Dewey Decimal Classification | Alef-Baa | Central Library | Central Library | Second Floor | 29/12/2019 | 492.73 أ ز هـ | 000024482 | 15/07/2025 | Book - Borrowing | ج 16 | ||||||
| Dewey Decimal Classification | Alef-Baa | Central Library | Central Library | Second Floor | 29/12/2019 | 492.73 أ ز هـ | 000024483 | 15/07/2025 | Book - Borrowing | ج 15 | ||||||
| Dewey Decimal Classification | Alef-Baa | Central Library | Central Library | Second Floor | 29/12/2019 | 492.73 أ ز هـ | 000024484 | 15/07/2025 | Book - Borrowing | ج1 | ||||||
| Dewey Decimal Classification | Alef-Baa | Central Library | Central Library | Second Floor | 29/12/2019 | 492.73 أ ز هـ | 000024485 | 15/07/2025 | Book - Borrowing | ج 17 | ||||||
| Dewey Decimal Classification | Alef-Baa | Central Library | Central Library | Second Floor | 29/12/2019 | 492.73 أ ز هـ | 000024486 | 15/07/2025 | Book - Borrowing | ج14 | ||||||
| Dewey Decimal Classification | Alef-Baa | Central Library | Central Library | Second Floor | 29/12/2019 | 492.73 أ ز هـ | 000024487 | 15/07/2025 | Book - Borrowing | ج 13 | ||||||
| Dewey Decimal Classification | Alef-Baa | Central Library | Central Library | Second Floor | 29/12/2019 | 492.73 أ ز هـ | 000024488 | 15/07/2025 | Book - Borrowing | ج12 | ||||||
| Dewey Decimal Classification | Alef-Baa | Central Library | Central Library | Second Floor | 29/12/2019 | 492.73 أ ز هـ | 000024489 | 15/07/2025 | Book - Borrowing | ج8 | ||||||
| Dewey Decimal Classification | Alef-Baa | Central Library | Central Library | Second Floor | 29/12/2019 | 492.73 أ ز هـ | 000024490 | 15/07/2025 | Book - Borrowing | ج 7 | ||||||
| Dewey Decimal Classification | Alef-Baa | Central Library | Central Library | Second Floor | 29/12/2019 | 492.73 أ ز هـ | 000024491 | 15/07/2025 | Book - Borrowing | ج 10 | ||||||
| Dewey Decimal Classification | Alef-Baa | Central Library | Central Library | Second Floor | 29/12/2019 | 492.73 أ ز هـ | 000024492 | 15/07/2025 | Book - Borrowing | ج 9 | ||||||
| Dewey Decimal Classification | Alef-Baa | Central Library | Central Library | Second Floor | 29/12/2019 | 492.73 أ ز هـ | 000024493 | 15/07/2025 | Book - Borrowing | ج2 | ||||||
| Dewey Decimal Classification | Alef-Baa | Central Library | Central Library | Second Floor | 29/12/2019 | 492.73 أ ز هـ | 000024494 | 15/07/2025 | Book - Borrowing | ج 6 | ||||||
| Dewey Decimal Classification | Alef-Baa | Central Library | Central Library | Second Floor | 29/12/2019 | 492.73 أ ز هـ | 000024495 | 15/07/2025 | Book - Borrowing | ج 5 | 13/01/2015 | |||||
| Dewey Decimal Classification | Alef-Baa | Central Library | Central Library | Second Floor | 29/12/2019 | 492.73 أ ز هـ | 000024496 | 15/07/2025 | Book - Borrowing | ج 4 | ||||||
| Dewey Decimal Classification | Alef-Baa | Central Library | Central Library | Second Floor | 29/12/2019 | 492.73 أ ز هـ | 000024497 | 15/07/2025 | Book - Borrowing | ج 3 | Purchase | |||||
| Dewey Decimal Classification | Alef-Baa | Central Library | Central Library | Second Floor | 29/12/2019 | 492.73 أ ز هـ | 000024498 | 15/07/2025 | Book - Borrowing | ج 11 |